00318nam a2200121Ia 4500008004100000041000800041082001400049100002000063245004000083260003800123300002400161365001100185240624s9999 xx 000 0 und d aeng a658.5 KAL aKALE SHAILENDRA aPRODUCTION AND OPERATION MANAGEMENT c2015aNew DelhibTata McGraw-Hill a607 : p. : cm. ; 22 cRSb33